000 00484nam a2200181Ia 4500
001 4457
005 20260306145757.0
008 260306t1999||||xx |||||||||||||| ||spa||
041 _aESP
082 _a322.4
_bF58
100 _aFlint Blanck, Pinkas
_eAUT
245 0 _aGrupos de Poder y Derecho en el Perú:
_bel caso de las industrias harineras y oleaginosas
260 _c1999
300 _a390 páginas :
_c21 cm.
650 _aGEN
654 _aCHU
942 _cLIB
_dJUS
_fJUS
_2ddc
_n
999 _c4457
_d4457